000 00610nam a2200181Ia 4500
008 100920s9999 xx 000 0 und d
082 _b101392
_a--- न 08
100 _aलागू चिंतामणी.
245 _aविंग कमांडर्स.
260 _bपारस पब्लिकेशन कोल्हापूर.
_c2008
300 _a202
_bसाधी
365 _b200
520 _aकादंबरी.
630 _aविंग कमांडर्स.
650 _aकादंबरी.
730 _aविंग कमांडर्स.
942 _cBOOK
999 _c741829
_d741826